Restauración y pruebas de máquina de ensayo de torsión y Torsiómetro Tecquipment No. SM1/2 del laboratorio de Metales de la Facultad de Tecnología de la Industria de la Universidad Nacional de Ingeniería

El estudio presenta las propiedades mecanicas de los materiales solidos usados en los diseños de ingeniería los cuales se determinan mediante pruebas destructivas, en muestras estandarizadas de metal las que se someten a un tipo de fuerza hasta que se fracturan y esto da lugar al termino propiedad...

Full description

Bibliographic Details
Main Author: Flores, Carmen de los Ángeles
Other Authors: Tutor: Rodríguez García, Jorge Alberto
Format: Tesis Section = Libro
Language:Undetermined
Spanish
Published: Managua UNI 2018
Subjects:
LEADER 01415nam a2200253Ia 4500
008 240830s9999 xx 000 0 und d
040 |a BIBLIOTECA-RUPAP Mon 620.11243 F634 
041 |a spa 
082 |a Mon 620.11243 F634 
100 1 |a Flores, Carmen de los Ángeles 
245 1 0 |a Restauración y pruebas de máquina de ensayo de torsión y Torsiómetro Tecquipment No. SM1/2 del laboratorio de Metales de la Facultad de Tecnología de la Industria de la Universidad Nacional de Ingeniería 
260 |a Managua  |b UNI  |c 2018 
300 |a 113 p. :il. 
500 |a Contiene: anexos y CD. 
502 |a Tesis (Ingeniero Mecánico)- UNI, 2018. 
520 3 |a El estudio presenta las propiedades mecanicas de los materiales solidos usados en los diseños de ingeniería los cuales se determinan mediante pruebas destructivas, en muestras estandarizadas de metal las que se someten a un tipo de fuerza hasta que se fracturan y esto da lugar al termino propiedad mecánica, que son las propiedades más importantes cuando se seleccionan los metales. El ensayo de torsión es el método para determinar el comportamiento de materiales sometidos a carga de giro. 
650 7 |a TORSIOMETRO 
650 7 |b MAQUINAS DE TORSION-RESTAURACION 
650 7 |c  RESISTENCIA DE METALES 
650 7 |d TORSION 
700 1 |a Tutor:  |b Rodríguez García, Jorge Alberto 
942 |c BK  |2 ddc 
991 |a TESIS 
999 |c 15689